Gaming Quiz

Random Gaming or Pokémon Quiz

Double Double Letter Pokémon (First Gen) Quiz Stats

Quiz Updated Jan 25, 2018

Challenge
Share
Tweet
Embed
Score 0/6 Timer 03:00
0 Plays Today
% Correct
Eevee
67.7%
Beedrill
55.8%
Butterfree
53.2%
Jigglypuff
52.5%
Wigglytuff
46.6%
Weepinbell
40.9%

You're not logged in!

Compare scores with friends on all Sporcle quizzes.
Join for Free
OR
Log In

You Might Also Like...

Show Comments

Extras

Top Quizzes Today


Score Distribution

Your Account Isn't Verified!

In order to create a playlist on Sporcle, you need to verify the email address you used during registration. Go to your Sporcle Settings to finish the process.

Report this User

Report this user for behavior that violates our Community Guidelines.

Details: